Indywidualni mistrzowie świata na Żużlu - Statystyki

Ogólne statystyki
  • Ten quiz został rozwiązany 20 razy
    4 od ostatniego zresetowania
  • Średni wynik to 44 z 80
Statystyki odpowiedzi
Rok Odpowiedź % Poprawnych
2021 Artiom Łaguta
100%
2019 Bartosz Zmarzlik
100%
2020 Bartosz Zmarzlik
100%
2022 Bartosz Zmarzlik
100%
2023 Bartosz Zmarzlik
100%
2024 Bartosz Zmarzlik
100%
2025 Bartosz Zmarzlik
100%
1996 Billy Hamill
100%
2012 Chris Holder
100%
1997 Greg Hancock
100%
2011 Greg Hancock
100%
2014 Greg Hancock
100%
2016 Greg Hancock
100%
1986 Hans Nielsen
100%
1987 Hans Nielsen
100%
1989 Hans Nielsen
100%
1995 Hans Nielsen
100%
2004 Jason Crump
100%
2006 Jason Crump
100%
2009 Jason Crump
100%
2017 Jason Doyle
100%
1973 Jerzy Szczakiel
100%
2000 Mark Loram
100%
2003 Nicki Pedersen
100%
2007 Nicki Pedersen
100%
2008 Nicki Pedersen
100%
2013 Tai Woffinden
100%
2015 Tai Woffinden
100%
2018 Tai Woffinden
100%
2010 Tomasz Gollob
100%
1983 Erik Gundersen
50%
1985 Erik Gundersen
50%
1988 Erik Gundersen
50%
1968 Ivan Mauger
50%
1969 Ivan Mauger
50%
1970 Ivan Mauger
50%
1972 Ivan Mauger
50%
1977 Ivan Mauger
50%
1979 Ivan Mauger
50%
1951 Jack Young
50%
1952 Jack Young
50%
1991 Jan Osvald Pedersen
50%
1971 Ole Olsen
50%
1975 Ole Olsen
50%
1978 Ole Olsen
50%
1956 Ove Fundin
50%
1960 Ove Fundin
50%
1961 Ove Fundin
50%
1963 Ove Fundin
50%
1967 Ove Fundin
50%
1993 Sam Ermolenko
50%
1994 Tony Rickardson
50%
1998 Tony Rickardson
50%
1999 Tony Rickardson
50%
2001 Tony Rickardson
50%
2002 Tony Rickardson
50%
2005 Tony Rickardson
50%
1974 Anders Michanek
0%
1957 Barry Briggs
0%
1958 Barry Briggs
0%
1964 Barry Briggs
0%
1966 Barry Briggs
0%
1965 Bjorn Knutsson
0%
1938 Bluey Wilkinson
0%
1981 Bruce Penhall
0%
1982 Bruce Penhall
0%
1984 Egon Muller
0%
1950 Freddie Williams
0%
1953 Freddie Williams
0%
1992 Gary Havelock
0%
1937 Jack Mline
0%
1936 Lionel Van Praag
0%
1980 Michael Lee
0%
1990 Per Jonsson
0%
1976 Peter Collins
0%
1955 Peter Craven
0%
1962 Peter Craven
0%
1954 Ronnie Moore
0%
1959 Ronnie Moore
0%
1949 Tommy Price
0%
Nie znaleziono quizów pasujących do podanych kryteriów
Rozkład punktacji
Procent ludzi z każdym wynikiem
Percentyl według liczby udzielonych odpowiedzi
Twoja historia wyników
Nie rozwiązałeś tego quizu od ostatniego zresetowania